000 00517nam a2200193Ia 4500
003 GCL
008 140319s9999 xx 000 0 ara d
040 _aGCL /
_cGCL
082 0 4 _a808.83
_bم خ
100 1 _aميخائيل باختين
245 1 0 _aالخطاب الروائى /
_cميخائيل باختين
700 1 _aمحمود برادة
300 _a190 ص
490 _a
650 0 4 _aالادب العربى
650 0 4 _aالقصة
650 0 4 _aالقصائد الدينية
942 _2ddc
_cBK
999 _c40384
_d40384